Italian olympic medals at the 2016 summer olympics - Statistics

General Stats
  • This quiz has been taken 31 times
  • The average score is 16 of 28
Answer Stats
Sport Event Answer % Correct
Swimming Men's 1500m freestyle Gregorio Paltrinieri
100%
Cycling Men's Omnium Elia Viviani
88%
Beach Volleyball Men's Tournament Daniele Lupo / Paolo Niccolai
81%
Swimming Men's 1500m Freestyle Gabriele Detti
81%
Swimming Men's 400m Freestyle Gabriele Detti
81%
Diving Women's 3m Tania Cagnotto
81%
Diving Women's 3m Synchro Tania Cagnotto / Francesca Dallapè
81%
Fencing Women's Foil Elisa Di Francisca
75%
Judo Men's 66kg Fabio Basile
75%
Wrestling Men's 65kg Freestyle Frank Chamizo
75%
Shooting Men's 10 m air rifle Niccolò Campriani
69%
Shooting Men's 50 m Air Rifle Three Positions Niccolò Campriani
69%
Volleyball Men's Indoor Tournament Antonov, Birarelli, Buti, Colaci, Juantorena, Lanza, Piano, Rossini, Sottile, Zaytsev
63%
Shooting Women's Skeet Chiara Cainero
56%
Fencing Men's Foil Daniele Garozzo
56%
Shooting Women's Skeet Diana Bacosi
56%
Fencing Men's Team épée Fichera, Garozzo, Pizzo, Santarelli
56%
Water Polo Men's Tournament Aicardi, Bodegas, Del Lungo, Di Fulvio, Figlioli, Fondelli, Gallo, Gitto, Nora, C. Presciutti, N.Presciutti, Tempesti, Velotto
50%
Cycling Woman's Road Race Elisa Longo Borghini
50%
Fencing Women's épée Rossella Fiamingo
50%
Judo Women 52kg Odette Giuffrida
44%
Shooting Men's Skeet Gabriele Rossetti
38%
Shooting Men's Trap Giovanni Pellielo
38%
Shooting Men's Double Trap Marco Innocenti
31%
Rowing Men's Pair Giovanni Abagnale / Marco Di Costanzo
25%
Swimming Women's 10km Open Water Rachele Bruni
25%
Water Polo Women's tournament Aiello, Bianconi, Cotti, Di Mario, Emmolo, Frassinetti, Garibotti, Gorlero, Pomeri, Queirolo, Radicchi, Tabani, Teani
19%
Rowing Men's Four Castaldo / Montrone / Lodo / Vicino
13%
No matching quizzes found
Score Distribution
Percent of People with Each Score
Percentile by Number Answered
Your Score History
You have not taken this quiz